Diseño de pruebas experimentales para la caracterización mecánica en ambiente criogénico del ABS fabricado mediante manufactura aditiva para su uso en aplicaciones de confinamiento magnético
Bewaard in:
| Hoofdauteur: | |
|---|---|
| Andere auteurs: | , , |
| Formaat: | Boek |
| Taal: | Spanish |
| Gepubliceerd in: |
[San José , Costa Rica]
2018
|
| Onderwerpen: | |
| Tags: |
Voeg label toe
Geen labels, Wees de eerste die dit record labelt!
|
MARC
| LEADER | 00000nam a22000007a 4500 | ||
|---|---|---|---|
| 003 | 012934 | ||
| 005 | 20230531155716.0 | ||
| 008 | 181030b2018 cr a|||| |m|| 00| ||spa d | ||
| 040 | |c cru CEDI | ||
| 100 | |9 646 |a Aguirre Rojas, Leonardo, 1993- | ||
| 245 | |a Diseño de pruebas experimentales para la caracterización mecánica en ambiente criogénico del ABS fabricado mediante manufactura aditiva para su uso en aplicaciones de confinamiento magnético | ||
| 260 | |a [San José , Costa Rica] |c 2018 | ||
| 300 | |a xvi, 155[13] hojas :ilustraciones a color | ||
| 500 | |a Proyecto de graduación (licenciatura en ingeniería mecánica)--Universidad de Costa Rica. Facultad de Ingeniería. Escuela de Ingeniería Mecánica | ||
| 501 | |a Director de Proyecto de Graduación: Dr. Guillermo Jiménez Villalta | ||
| 650 | |x TEMPERATURA - MEDICIONES |x INGENIERÍA CRIOGÉNICA |x MECANICA |9 14433 | ||
| 700 | |9 647 |a Saénz Castro, Francisco Javier, 1995- | ||
| 700 | |9 648 |a Valladares Alfaro, Karina, 1993- | ||
| 700 | |9 649 |a Jiménez Villalta, Guillermo Alonso,1964- |d Director del TFG | ||
| 942 | |c CEDI |h TFG 8085 |6 TFG_8085_000000000000000 | ||
| 999 | |c 21051 |d 21051 | ||
